[Event "NZL-ch Rapid op 132nd"]
[Site "Wellington"]
[Date "2025.01.11"]
[Round "4"]
[White "McDougall, Euan"]
[Black "Mao, Daqi"]
[Result "1/2-1/2"]
[WhiteElo "1860"]
[BlackElo "2015"]
[PlyCount "104"]
[EventDate "2025.01.11"]
[EventType "swiss (rapid)"]
[EventRounds "9"]
[EventCountry "NZL"]
[SourceTitle "CB03_2025"]
[SourceDate "2025.01.15"]
[SourceVersion "1"]
[SourceVersionDate "2025.01.15"]
[SourceQuality "1"]

1. d4 e6 2. c4 Bb4+ 3. Bd2 Bxd2+ 4. Qxd2 Nf6 5. Nc3 d5 6. e3 0-0 7. Nf3 b6 8. Be2 Bb7 9. 0-0 dxc4 10. Ne5 Nbd7 11. Nxc4 Qe7 12. f3 c5 13. Rfd1 Rfd8 14. Qc2 Nd5 15. Kh1 Rac8 16. e4 Nxc3 17. Qxc3 cxd4 18. Qxd4 Nf6 19. Nd6 Rb8 20. Qe5 Ne8 21. Nxb7 Qxb7 22. h4 Qe7 23. g3 h6 24. Rac1 Rxd1+ 25. Rxd1 Rd8 26. Rxd8 Qxd8 27. Qc3 Nf6 28. Kg2 Qe7 29. Bd3 e5 30. a3 Qc5 31. Bc4 Ne8 32. b4 Qc7 33. Kf2 b5 34. Bxf7+ Kxf7 35. Qd3 Qd6 36. Qxb5 Qb6+ 37. Qxb6 axb6 38. a4 Ke6 39. f4 Nd6 40. Kf3 exf4 41. gxf4 Nc4 42. Kg4 Nd2 43. e5 Nc4 44. h5 Ne3+ 45. Kf3 Nd5 46. a5 Nxb4 47. axb6 Kd5 48. Kg4 Kc6 49. Kf5 Nd5 50. e6 Kxb6 51. Kg6 Nxf4+ 52. Kf7 Nxh5 1/2-1/2

[Event "NZL-ch op 132nd"]
[Site "Wellington"]
[Date "2025.01.03"]
[Round "2"]
[White "Nagy, Gabor"]
[Black "McDougall, Euan"]
[Result "1-0"]
[WhiteElo "2469"]
[BlackElo "1860"]
[PlyCount "107"]
[EventDate "2025.01.02"]
[EventType "swiss"]
[EventRounds "9"]
[EventCountry "NZL"]
[SourceTitle "CB03_2025"]
[SourceDate "2025.01.15"]
[SourceVersion "1"]
[SourceVersionDate "2025.01.15"]
[SourceQuality "1"]

1. c4 f5 2. Nf3 Nf6 3. g3 d6 4. d4 g6 5. Bg2 Bg7 6. Nc3 0-0 7. 0-0 Qe8 8. Nd5 Na6 9. Nxf6+ Rxf6 10. e4 c6 11. e5 Rf8 12. Re1 d5 13. cxd5 cxd5 14. e6 Nc7 15. Qb3 Qb5 16. Qxb5 Nxb5 17. Bg5 Bf6 18. Rac1 Nd6 19. Bxf6 exf6 20. Rc7 Ne4 21. e7 Re8 22. Rec1 Kf7 23. Ne1 Ke6 24. f3 Nd6 25. Nd3 Nb5 26. Nf4+ Kf7 27. Nxd5 Be6 28. f4 Nxc7 29. Nxc7 Rac8 30. Bxb7 Kxe7 31. Bxc8 Rxc8 32. Nd5+ Kf7 33. Rxc8 Bxc8 34. Kf2 Be6 35. Nc3 Bc4 36. d5 Ke7 37. Ke3 Kd6 38. Kd4 Bf1 39. Nd1 Bg2 40. Ne3 Bh1 41. Nc4+ Kc7 42. Kc5 h5 43. h4 g5 44. Nd6 gxf4 45. gxf4 Be4 46. Ne8+ Kd8 47. Nxf6 Bf3 48. d6 Be2 49. b4 Kc8 50. Kd5 Kd8 51. Ke5 Bg4 52. a3 Kc8 53. Ne8 Kd7 54. Ng7 1-0

[Event "NZL-ch Rapid 131st"]
[Site "Palmerston North"]
[Date "2024.01.12"]
[Round "9.10"]
[White "Fulo, Nunilon III"]
[Black "McDougall, Euan"]
[Result "1-0"]
[WhiteElo "2002"]
[BlackElo "1747"]
[PlyCount "75"]
[EventDate "2024.01.11"]
[EventType "swiss (rapid)"]
[EventRounds "9"]
[EventCountry "NZL"]
[SourceTitle "CBM 218 Extra"]
[Source "ChessBase"]
[SourceDate "2024.03.31"]
[SourceVersion "1"]
[SourceVersionDate "2024.03.31"]
[SourceQuality "1"]

1. e4 e6 2. d4 d5 3. Nc3 dxe4 4. Nxe4 Nf6 5. Nxf6+ Qxf6 6. Nf3 h6 7. Bd3 Nc6 8. c3 Bd7 9. Qe2 g5 10. h4 g4 11. Ne5 Nxe5 12. dxe5 Qg7 13. Bf4 h5 14. Be4 0-0-0 15. 0-0-0 f5 16. exf6 Qxf6 17. Be5 Qh6+ 18. Kb1 Bg7 19. Bg3 e5 20. Rxd7 Kxd7 21. Bf5+ Ke7 22. Bxe5 Kf8 23. Bxc7 Qf6 24. Bxd8 Qxf5+ 25. Ka1 Kg8 26. Re1 Kh7 27. Bg5 Rf8 28. Be3 Qd5 29. Qc2+ Kh8 30. Qg6 Rd8 31. a3 Qb3 32. Qxh5+ Kg8 33. Qxg4 Kh8 34. Bd4 Bxd4 35. Qh5+ Kg8 36. Qg5+ Kh7 37. Qxd8 Bxc3 38. Qd3+ 1-0

[Event "NZL-ch op 131st"]
[Site "Palmerston North"]
[Date "2024.01.10"]
[Round "9.10"]
[White "Archer, Ollie"]
[Black "McDougall, Euan"]
[Result "1-0"]
[WhiteElo "2024"]
[BlackElo "1747"]
[PlyCount "61"]
[EventDate "2024.01.02"]
[EventType "swiss"]
[EventRounds "9"]
[EventCountry "NZL"]
[SourceTitle "CBM 218 Extra"]
[Source "ChessBase"]
[SourceDate "2024.03.31"]
[SourceVersion "1"]
[SourceVersionDate "2024.03.31"]
[SourceQuality "1"]

1. d4 Nf6 2. c4 e6 3. Nf3 b6 4. a3 a5 5. g3 Bb7 6. Bg2 Be7 7. Nc3 c6 8. e4 d5 9. e5 Nfd7 10. 0-0 dxc4 11. Nd2 Ba6 12. Qg4 g6 13. Nde4 h5 14. Qf3 h4 15. Bg5 hxg3 16. Nd6+ Bxd6 17. Bxd8 gxh2+ 18. Kh1 Kxd8 19. exd6 f5 20. Rae1 Nf8 21. Qg3 Ra7 22. Qg5+ Kc8 23. d5 Rh5 24. Qe7 Nfd7 25. dxc6 Nxc6 26. Bxc6 Rh8 27. Rxe6 Rd8 28. Qxd8+ Kxd8 29. Rfe1 Nf6 30. Re8+ Nxe8 31. Rxe8# 1-0

[Event "NZL-ch op-A 130th"]
[Site "Wellington"]
[Date "2023.01.10"]
[Round "9"]
[White "McDougall, Euan"]
[Black "Davis, Johnathan"]
[Result "1/2-1/2"]
[WhiteElo "1995"]
[BlackElo "1940"]
[PlyCount "107"]
[EventDate "2023.01.02"]
[EventType "swiss"]
[EventRounds "9"]
[EventCountry "NZL"]
[SourceTitle "EXT 2024"]
[Source "ChessBase"]
[SourceDate "2023.10.10"]
[SourceVersion "1"]
[SourceVersionDate "2023.10.10"]
[SourceQuality "1"]

1. d4 f5 2. Nf3 Nf6 3. h4 d6 4. c4 e6 5. Nc3 Be7 6. b3 0-0 7. Bb2 Na6 8. e3 c6 9. a3 Bd7 10. Bd3 Rc8 11. Qc2 b5 12. b4 Nc7 13. c5 d5 14. g3 a6 15. Ne2 Nce8 16. Ne5 g6 17. a4 Ra8 18. Nf4 Ng7 19. Bc3 Qc7 20. Kd2 Ne4+ 21. Bxe4 fxe4 22. Rag1 Bf6 23. Ng4 Be7 24. Qd1 bxa4 25. Qxa4 Qb8 26. Ne5 Qc7 27. Ra1 Bf6 28. Nxd7 Qxd7 29. Qc2 Ne8 30. Ra5 Nc7 31. Ke1 Rae8 32. Qe2 e5 33. dxe5 Bxe5 34. Bxe5 Rxe5 35. Qb2 Re7 36. Rf1 Nb5 37. Ne2 Rf3 38. Nd4 Nxd4 39. Qxd4 Qe8 40. Qa1 Rb7 41. Rxa6 Rxb4 42. Ra8 Rb8 43. Ra2 Rb7 44. Ke2 Rff7 45. Ra8 Rb8 46. Rxb8 Qxb8 47. Rb1 Qf8 48. f4 exf3+ 49. Kf2 Qxc5 50. Rb8+ Rf8 51. Rxf8+ Qxf8 52. Qe5 Qc8 53. g4 Kf7 54. g5 1/2-1/2

[Event "NZL-ch op-A 130th"]
[Site "Wellington"]
[Date "2023.01.04"]
[Round "3"]
[White "McDougall, Euan"]
[Black "Ha, Timothy Huy Minh"]
[Result "0-1"]
[WhiteElo "1995"]
[BlackElo "1812"]
[PlyCount "96"]
[EventDate "2023.01.02"]
[EventType "swiss"]
[EventRounds "9"]
[EventCountry "NZL"]
[SourceTitle "EXT 2024"]
[Source "ChessBase"]
[SourceDate "2023.10.10"]
[SourceVersion "1"]
[SourceVersionDate "2023.10.10"]
[SourceQuality "1"]

1. d4 d5 2. c4 e6 3. Nc3 Nf6 4. cxd5 exd5 5. Bg5 Be7 6. Nf3 c6 7. e3 Ne4 8. Nxe4 dxe4 9. Bxe7 Qxe7 10. Nd2 0-0 11. g4 a5 12. Rg1 Na6 13. a3 c5 14. Nb3 cxd4 15. Nxd4 Nc5 16. Bc4 Bd7 17. Qe2 Nd3+ 18. Bxd3 exd3 19. Qxd3 Rac8 20. h3 Rfd8 21. Rd1 Ba4 22. b3 Bc6 23. a4 Be4 24. Qb5 Rd5 25. Qe2 Rcd8 26. Rg3 Qb4+ 27. Qd2 Qxd2+ 28. Rxd2 R5d7 29. f3 Bd5 30. Rc2 b6 31. Rgg2 Bb7 32. Rgd2 Kf8 33. Rc1 g6 34. Rdc2 Ke7 35. Kf2 Ke8 36. Kg3 Ke7 37. Rc3 Ke8 38. Kf4 h6 39. Rc7 Ba8 40. R7c3 Ke7 41. h4 Kf6 42. Rh1 Kg7 43. h5 Re8 44. hxg6 fxg6 45. Nb5 Rf8+ 46. Kg3 Rxf3+ 47. Kh4 g5+ 48. Kh5 Be4 0-1

[Event "NZL-ch op-A 130th"]
[Site "Wellington"]
[Date "2023.01.03"]
[Round "2"]
[White "Wang, Justin Zhide"]
[Black "McDougall, Euan"]
[Result "1/2-1/2"]
[WhiteElo "1875"]
[BlackElo "1995"]
[PlyCount "142"]
[EventDate "2023.01.02"]
[EventType "swiss"]
[EventRounds "9"]
[EventCountry "NZL"]
[SourceTitle "EXT 2024"]
[Source "ChessBase"]
[SourceDate "2023.10.10"]
[SourceVersion "1"]
[SourceVersionDate "2023.10.10"]
[SourceQuality "1"]

1. d4 Nf6 2. Nf3 e6 3. Bf4 c5 4. e3 Nc6 5. c3 Be7 6. Nbd2 Nh5 7. Bg3 Nxg3 8. hxg3 d5 9. Bd3 h6 10. a3 c4 11. Bc2 Na5 12. e4 0-0 13. Ne5 Rb8 14. Qg4 f5 15. exf5 exf5 16. Qh5 Nc6 17. f4 Nxe5 18. fxe5 Qb6 19. Rb1 f4 20. 0-0 Bg5 21. gxf4 Bxf4 22. g3 Be3+ 23. Kh2 Bg4 24. Qxg4 Bxd2 25. Qg6 Qxg6 26. Bxg6 b5 27. e6 Bg5 28. Rf7 Rxf7 29. exf7+ Kf8 30. Re1 Be7 31. g4 Rb6 32. Bf5 Kxf7 33. Kg3 a5 34. Kf4 Bf6 35. Bd7 b4 36. Kf3 Be7 37. axb4 axb4 38. Re5 Rd6 39. Bb5 Kf8 40. Rf5+ Bf6 41. Ke2 Ke7 42. Rf1 Rb6 43. Ba4 bxc3 44. bxc3 Rb2+ 45. Kd1 Bg5 46. Bc2 Ra2 47. Rf3 Ra1+ 48. Ke2 Rg1 49. Bf5 Rg2+ 50. Ke1 Kd6 51. Kd1 Rg1+ 52. Kc2 Rc1+ 53. Kb2 Rd1 54. Rf2 Re1 55. Kc2 Re3 56. Kb2 Bh4 57. Rg2 Be1 58. Rc2 Kc7 59. Bg6 Rg3 60. Bf5 g6 61. Bxg6 Rxg4 62. Bf7 Rg5 63. Rh2 Kd7 64. Rxh6 Ke7 65. Re6+ Kxf7 66. Rxe1 Kf6 67. Ka3 Rg3 68. Kb4 Rg2 69. Re3 Rg5 70. Kc5 Rf5 71. Kd6 Kf7 1/2-1/2

[Event "NZL-ch Rapid 129th"]
[Site "Christchurch"]
[Date "2022.01.12"]
[Round "6"]
[White "Yu, Zachary"]
[Black "McDougall, Euan"]
[Result "1-0"]
[WhiteElo "1614"]
[BlackElo "1793"]
[PlyCount "63"]
[EventDate "2022.01.11"]
[EventType "swiss (rapid)"]
[EventRounds "9"]
[EventCountry "NZL"]
[SourceTitle "CBM 206 Extra"]
[Source "ChessBase"]
[SourceDate "2022.03.31"]
[SourceVersion "1"]
[SourceVersionDate "2022.03.31"]
[SourceQuality "1"]

1. d4 g6 2. e4 Bg7 3. Bf4 d6 4. Nf3 c5 5. c3 cxd4 6. cxd4 Nc6 7. Bb5 Bd7 8. Nc3 a6 9. Ba4 b5 10. Bb3 Nf6 11. 0-0 0-0 12. Rc1 b4 13. Nd5 Nxe4 14. Re1 Nf6 15. Nxe7+ Nxe7 16. Bxd6 Ned5 17. Bxf8 Qxf8 18. Rc5 Qd6 19. Ne5 Rd8 20. Qf3 Be6 21. Rc6 Qb8 22. Rxa6 Nd7 23. Nc6 Qb7 24. Nxd8 Qxa6 25. Bxd5 Nf8 26. Bxe6 fxe6 27. Qf7+ Kh8 28. Nxe6 Nxe6 29. Rxe6 Qc8 30. Re8+ Qxe8 31. Qxe8+ Bf8 32. Qxf8# 1-0

[Event "NZL-ch Rapid 129th"]
[Site "Christchurch"]
[Date "2022.01.11"]
[Round "2"]
[White "Ker, Anthony F"]
[Black "McDougall, Euan"]
[Result "1-0"]
[WhiteElo "2303"]
[BlackElo "1793"]
[PlyCount "91"]
[EventDate "2022.01.11"]
[EventType "swiss (rapid)"]
[EventRounds "9"]
[EventCountry "NZL"]
[SourceTitle "CBM 206 Extra"]
[Source "ChessBase"]
[SourceDate "2022.03.31"]
[SourceVersion "1"]
[SourceVersionDate "2022.03.31"]
[SourceQuality "1"]

1. e4 c5 2. Nc3 Nc6 3. f4 e6 4. Nf3 d5 5. Bb5 Qd6 6. 0-0 d4 7. e5 Qc7 8. Ne4 a6 9. Bxc6+ Qxc6 10. d3 Nh6 11. Qe1 b6 12. c3 dxc3 13. bxc3 Be7 14. Be3 0-0 15. Rd1 c4 16. Nd4 Qb7 17. Qg3 cxd3 18. Nf6+ Kh8 19. Nh5 Rg8 20. Rxd3 Nf5 21. Nxf5 exf5 22. Qf2 Be6 23. Rb1 b5 24. Ng3 Bh4 25. Bc5 Rac8 26. Bb4 Qc7 27. Rbd1 h6 28. Qd2 a5 29. Bd6 Qb6+ 30. Kh1 Kh7 31. Ne2 Bc4 32. Rf3 Bf2 33. a3 Bc5 34. Bxc5 Qxc5 35. Nd4 g6 36. Qb2 Rgd8 37. Rb1 Rd5 38. Rh3 h5 39. Re3 a4 40. h3 Rxd4 41. cxd4 Qd5 42. Rd1 Kg7 43. Qb4 Rd8 44. Qe7 Rd7 45. Qf6+ Kf8 46. e6 1-0

[Event "NZL-ch Rapid 129th"]
[Site "Christchurch"]
[Date "2022.01.11"]
[Round "3"]
[White "McDougall, Euan"]
[Black "Thurner, Anya"]
[Result "1-0"]
[WhiteElo "1793"]
[BlackElo "1574"]
[PlyCount "85"]
[EventDate "2022.01.11"]
[EventType "swiss (rapid)"]
[EventRounds "9"]
[EventCountry "NZL"]
[SourceTitle "CBM 206 Extra"]
[Source "ChessBase"]
[SourceDate "2022.03.31"]
[SourceVersion "1"]
[SourceVersionDate "2022.03.31"]
[SourceQuality "1"]

1. d4 d5 2. c4 e6 3. Nc3 Nf6 4. Bf4 b6 5. Nf3 Bd6 6. Bg3 0-0 7. e3 Bb7 8. Rc1 Qe7 9. Be2 Nbd7 10. 0-0 c5 11. Bxd6 Qxd6 12. dxc5 bxc5 13. Qc2 Rac8 14. Rfd1 Qb6 15. Rd2 Rfd8 16. Qd1 Nb8 17. Ne5 Nc6 18. Na4 Qc7 19. Nxc6 Bxc6 20. Nxc5 Qa5 21. Nb3 Qb6 22. c5 Qb7 23. Na5 Qc7 24. b4 Rb8 25. a3 Qd7 26. f3 Rdc8 27. Ba6 Rd8 28. Qe2 Ne8 29. Bd3 Nc7 30. Qe1 Nb5 31. a4 Nc7 32. b5 Nxb5 33. Nxc6 Qxc6 34. axb5 Qc7 35. Ra2 Rdc8 36. Qa5 Rb7 37. c6 Qxa5 38. Rxa5 Rbc7 39. Rca1 f6 40. Rxa7 Kf7 41. b6 Rxa7 42. Rxa7+ Kg8 43. b7 1-0

[Event "NZL-ch Major op"]
[Site "Christchurch"]
[Date "2022.01.06"]
[Round "5"]
[White "Suazo, Benedict"]
[Black "McDougall, Euan"]
[Result "0-1"]
[WhiteElo "1853"]
[BlackElo "1793"]
[PlyCount "99"]
[EventDate "2022.01.02"]
[EventType "swiss"]
[EventRounds "9"]
[EventCountry "NZL"]
[SourceTitle "EXT 2024"]
[Source "ChessBase"]
[SourceDate "2023.10.10"]
[SourceVersion "1"]
[SourceVersionDate "2023.10.10"]
[SourceQuality "1"]

1. d4 g6 2. Bf4 Bg7 3. Nc3 c5 4. e3 cxd4 5. exd4 Nf6 6. Qd2 0-0 7. 0-0-0 Re8 8. h4 d5 9. Bh6 Nc6 10. h5 Bxh6 11. Qxh6 Ng4 12. Qd2 e5 13. hxg6 fxg6 14. f3 exd4 15. Nxd5 Qxd5 16. fxg4 Bxg4 17. b3 Qd7 18. Bc4+ Be6 19. Bxe6+ Rxe6 20. Nf3 Rae8 21. Rhe1 Rxe1 22. Rxe1 Rxe1+ 23. Qxe1 Qd6 24. a4 d3 25. Qc3 dxc2 26. Kxc2 Qf4 27. Kb2 Qg4 28. Qd2 h6 29. Ka3 Kg7 30. b4 Qe4 31. Qc3+ Kf7 32. b5 Ne7 33. a5 Qd5 34. Qb3 Ke6 35. Qe3+ Kd6 36. Qf4+ Kd7 37. Kb4 Qd6+ 38. Qxd6+ Kxd6 39. Kc4 Nf5 40. Kb4 g5 41. Nd2 Kd5 42. Nc4 g4 43. a6 bxa6 44. bxa6 h5 45. Nb6+ Kc6 46. Nc8 h4 47. Ka5 Nd6 48. Nxa7+ Kc7 49. Nb5+ Nxb5 50. Kxb5 0-1

[Event "Henderson Trusts op-B 43rd"]
[Site "Henderson"]
[Date "2021.06.06"]
[Round "4"]
[White "Yu, Zachary"]
[Black "McDougall, Euan"]
[Result "0-1"]
[WhiteElo "1400"]
[BlackElo "1778"]
[PlyCount "116"]
[EventDate "2021.06.05"]
[EventType "swiss"]
[EventRounds "6"]
[EventCountry "NZL"]
[SourceTitle "EXT 2024"]
[Source "ChessBase"]
[SourceDate "2023.10.10"]
[SourceVersion "1"]
[SourceVersionDate "2023.10.10"]
[SourceQuality "1"]

1. d4 g6 2. Bf4 Bg7 3. Nf3 f5 4. e3 Nf6 5. Bd3 b6 6. h3 Bb7 7. Nbd2 e6 8. c3 d6 9. 0-0 Qe7 10. Re1 Ne4 11. Bb5+ Nd7 12. Qa4 a6 13. Bxd7+ Qxd7 14. Qxd7+ Kxd7 15. Rad1 Bf6 16. Nxe4 fxe4 17. Nd2 Raf8 18. f3 exf3 19. Nxf3 Bxf3 20. gxf3 Rf7 21. Kg2 Re8 22. Bg3 Kc6 23. e4 e5 24. d5+ Kd7 25. c4 Ref8 26. Rd3 Bg5 27. b4 a5 28. bxa5 Ra8 29. Ra3 Bd2 30. Re2 Rxa5 31. Rxa5 Bxa5 32. Re3 Bb4 33. Rb3 Ba5 34. Ra3 Kc8 35. Kf2 Kb8 36. Ke2 Bb4 37. Rb3 Bc5 38. a4 Ka7 39. Be1 Ka6 40. Bd2 Rg7 41. Rb5 g5 42. a5 h5 43. axb6 Bxb6 44. Rb1 g4 45. hxg4 hxg4 46. fxg4 Rxg4 47. Ra1+ Kb7 48. Kf3 Rh4 49. Rb1 Kc8 50. Re1 Rh2 51. Be3 Rh3+ 52. Kf2 Kb7 53. Bxb6 Kxb6 54. Rb1+ Kc5 55. Rb7 Kxc4 56. Rxc7+ Kd4 57. Rd7 Rh6 58. Kf3 Rf6+ 0-1

[Event "Henderson Trusts op-B 43rd"]
[Site "Henderson"]
[Date "2021.06.05"]
[Round "2"]
[White "Vital, Henry"]
[Black "McDougall, Euan"]
[Result "1/2-1/2"]
[WhiteElo "1988"]
[BlackElo "1778"]
[PlyCount "106"]
[EventDate "2021.06.05"]
[EventType "swiss"]
[EventRounds "6"]
[EventCountry "NZL"]
[SourceTitle "EXT 2024"]
[Source "ChessBase"]
[SourceDate "2023.10.10"]
[SourceVersion "1"]
[SourceVersionDate "2023.10.10"]
[SourceQuality "1"]

1. d4 g6 2. Nf3 Bg7 3. Bf4 f5 4. e3 d6 5. Bc4 h6 6. h3 Nc6 7. c3 Nf6 8. a3 e6 9. Nbd2 Qe7 10. Qe2 Bd7 11. a4 e5 12. dxe5 Nxe5 13. Bxe5 dxe5 14. e4 fxe4 15. Nxe4 0-0-0 16. 0-0 Bc6 17. Ng3 Nd5 18. Bxd5 Bxd5 19. Ne4 Rhf8 20. b4 Qe6 21. Qe3 Qc6 22. b5 Qb6 23. Qxb6 axb6 24. Rfe1 Rd7 25. a5 bxa5 26. Rxa5 b6 27. Ra4 Rfd8 28. c4 Bb7 29. c5 bxc5 30. Nxc5 Rd1 31. Kf1 Rxe1+ 32. Kxe1 Rd5 33. Rc4 Bf8 34. Ne6 Bd6 35. Nxc7 Rc5 36. Rxc5 Bxc5 37. Na6 Bd6 38. Ke2 Bd5 39. Nd2 Kb7 40. Kd3 Bxg2 41. Kc4 Bxh3 42. Ne4 Bf1+ 43. Kd5 Bf8 44. Nac5+ Bxc5 45. Nxc5+ Kb6 46. Nd7+ Kxb5 47. Nxe5 g5 48. Ke4 Kc5 49. Nf7 h5 50. Nxg5 Kd6 51. Kf5 Be2 52. Kf6 Bg4 53. Nf7+ Kd5 1/2-1/2

[Event "NZL-ch Major op"]
[Site "Palmerston North"]
[Date "2021.01.09"]
[Round "8"]
[White "McDougall, Euan"]
[Black "Wells, Clinton A"]
[Result "0-1"]
[WhiteElo "1785"]
[BlackElo "1905"]
[PlyCount "66"]
[EventDate "2021.01.02"]
[EventType "swiss"]
[EventRounds "9"]
[EventCountry "NZL"]
[SourceTitle "EXT 2024"]
[Source "ChessBase"]
[SourceDate "2023.10.10"]
[SourceVersion "1"]
[SourceVersionDate "2023.10.10"]
[SourceQuality "1"]

1. d4 d6 2. Nf3 f5 3. b3 Nf6 4. Bb2 g6 5. e3 Bg7 6. c4 a5 7. h4 h6 8. Bd3 Nc6 9. a3 e6 10. Qc2 d5 11. Nc3 Ne7 12. c5 Bd7 13. Ne2 b5 14. Nf4 c6 15. Ke2 Qc7 16. a4 b4 17. Rh3 Ng4 18. Rah1 e5 19. dxe5 Bxe5 20. Nxe5 Nxe5 21. Rg3 Rg8 22. Nh5 gxh5 23. Rxg8+ Nxg8 24. Bxf5 0-0-0 25. Bxd7+ Nxd7 26. Qg6 Kb7 27. Bd4 Rf8 28. Rh3 Ndf6 29. Rf3 Qh7 30. Rxf6 Nxf6 31. Qg3 Ne4 32. Qe5 Rxf2+ 33. Ke1 Qf7 0-1

[Event "NZL-ch Major op"]
[Site "Tauranga"]
[Date "2020.01.22"]
[Round "9"]
[White "Thurner, Anya"]
[Black "McDougall, Euan"]
[Result "0-1"]
[WhiteElo "1664"]
[BlackElo "1895"]
[PlyCount "102"]
[EventDate "2020.01.14"]
[EventType "swiss"]
[EventRounds "9"]
[EventCountry "NZL"]
[SourceTitle "EXT 2021"]
[Source "ChessBase"]
[SourceDate "2020.10.23"]
[SourceVersion "1"]
[SourceVersionDate "2020.10.23"]
[SourceQuality "1"]

1. e4 c5 2. b3 Nc6 3. Bb2 Nf6 4. Nc3 g6 5. Nd5 Bg7 6. Nxf6+ exf6 7. f4 0-0 8. Bb5 Qb6 9. Bxc6 Qxc6 10. d3 d5 11. exd5 Qxd5 12. Qf3 Re8+ 13. Kf2 Qd6 14. Ne2 Bd7 15. Rhe1 Bc6 16. Qg3 a5 17. a4 b5 18. axb5 Bxb5 19. Nc3 Qb6 20. Nd5 Qd6 21. Nc3 Bc6 22. Ne4 Bxe4 23. dxe4 Qb6 24. Qc3 Re7 25. g3 Rea7 26. Ra4 Ra6 27. Kg2 Bf8 28. Qd3 Rd8 29. Qc3 Rd7 30. Rea1 Qb5 31. Qc4 Rd2+ 32. Kg1 Qc6 33. Qc3 Rd6 34. Qc4 Re6 35. Qd3 Be7 36. Qc4 Bd8 37. Bc3 f5 38. e5 f6 39. Qd3 Qb6 40. Kf1 fxe5 41. Bxe5 Bc7 42. Bxc7 Qxc7 43. Qc3 Qc6 44. Kf2 Re2+ 45. Kxe2 Qg2+ 46. Kd1 Qf1+ 47. Kd2 Rd6+ 48. Ke3 Re6+ 49. Kd2 Re2+ 50. Kd3 Re1+ 51. Kd2 Qe2# 0-1

[Event "NZL-ch Major op"]
[Site "Tauranga"]
[Date "2020.01.20"]
[Round "7"]
[White "McDougall, Euan"]
[Black "Lynn, Kenneth William"]
[Result "1-0"]
[WhiteElo "1895"]
[BlackElo "1790"]
[PlyCount "33"]
[EventDate "2020.01.14"]
[EventType "swiss"]
[EventRounds "9"]
[EventCountry "NZL"]
[SourceTitle "EXT 2021"]
[Source "ChessBase"]
[SourceDate "2020.10.23"]
[SourceVersion "1"]
[SourceVersionDate "2020.10.23"]
[SourceQuality "1"]

1. e4 e5 2. Nf3 f5 3. Nxe5 fxe4 4. Qh5+ g6 5. Nxg6 hxg6 6. Qxh8 Nf6 7. Nc3 Nc6 8. d3 d5 9. Bg5 Kf7 10. 0-0-0 Bh6 11. Qxh6 Bg4 12. Rd2 Qd7 13. dxe4 Re8 14. Bxf6 Kxf6 15. Nxd5+ Qxd5 16. Rxd5 Rxe4 17. f3 1-0

[Event "NZL-ch U10/20"]
[Site "Tauranga"]
[Date "2020.01.19"]
[Round "5"]
[White "Deng, Abraham"]
[Black "McDougall, Euan"]
[Result "0-1"]
[WhiteElo "1558"]
[BlackElo "1679"]
[PlyCount "96"]
[EventDate "2020.01.15"]
[EventType "swiss"]
[EventRounds "6"]
[EventCountry "NZL"]
[SourceTitle "EXT 2023"]
[Source "ChessBase"]
[SourceDate "2022.10.05"]
[SourceVersion "1"]
[SourceVersionDate "2022.10.05"]
[SourceQuality "1"]

1. e4 e5 2. Nf3 Nf6 3. Nxe5 Qe7 4. d4 d6 5. Nf3 Nxe4 6. Be2 Bf5 7. 0-0 Nd7 8. Re1 0-0-0 9. Bd3 d5 10. Nfd2 Qd6 11. Nxe4 dxe4 12. Bxe4 Bxe4 13. Rxe4 Nf6 14. Re1 Qxd4 15. Qf3 Nd5 16. c3 Qf6 17. Qg4+ Kb8 18. Bg5 Qg6 19. Qh4 f6 20. Bf4 Nxf4 21. Qxf4 Qc2 22. Qc1 Qxc1 23. Rxc1 Bc5 24. b4 Bb6 25. Na3 Rd2 26. Rf1 Rhd8 27. Nc4 Rc2 28. Nxb6 axb6 29. Rad1 Kc8 30. g3 Rxc3 31. Rxd8+ Kxd8 32. Re1 Rc2 33. a3 Rc3 34. Re3 Rxe3 35. fxe3 Kd7 36. g4 Kc6 37. a4 Kd5 38. Kf2 c5 39. b5 c4 40. Ke2 Kc5 41. Kd2 Kb4 42. e4 Kxa4 43. Kc3 Kxb5 44. h4 Kc5 45. g5 b5 46. gxf6 gxf6 47. h5 b4+ 48. Kd2 Kd4 0-1

[Event "NZL-ch Major op"]
[Site "Tauranga"]
[Date "2020.01.17"]
[Round "4"]
[White "McDougall, Euan"]
[Black "Dai, Oliver"]
[Result "0-1"]
[WhiteElo "1895"]
[BlackElo "1881"]
[PlyCount "32"]
[EventDate "2020.01.14"]
[EventType "swiss"]
[EventRounds "9"]
[EventCountry "NZL"]
[SourceTitle "EXT 2021"]
[Source "ChessBase"]
[SourceDate "2020.10.23"]
[SourceVersion "1"]
[SourceVersionDate "2020.10.23"]
[SourceQuality "1"]

1. e4 c6 2. f4 d5 3. Nc3 dxe4 4. Nxe4 Nf6 5. Nxf6+ exf6 6. Bc4 Bd6 7. d3 0-0 8. h3 Re8+ 9. Ne2 Bc5 10. d4 Bxd4 11. c3 Bb6 12. Qb3 Be6 13. Bd2 Na6 14. f5 Bxc4 15. Qxc4 Nc5 16. Qd4 Nd3+ 0-1

[Event "NZL-ch U10/20"]
[Site "Tauranga"]
[Date "2020.01.17"]
[Round "3"]
[White "McDougall, Euan"]
[Black "Ning, Isabelle Yixuan"]
[Result "1/2-1/2"]
[WhiteElo "1679"]
[BlackElo "1662"]
[PlyCount "163"]
[EventDate "2020.01.15"]
[EventType "swiss"]
[EventRounds "6"]
[EventCountry "NZL"]
[SourceTitle "EXT 2023"]
[Source "ChessBase"]
[SourceDate "2022.10.05"]
[SourceVersion "1"]
[SourceVersionDate "2022.10.05"]
[SourceQuality "1"]

1. e4 c5 2. Nc3 Nc6 3. f4 e6 4. Nf3 d6 5. d3 g6 6. g3 Bg7 7. Bg2 Nge7 8. Ne2 0-0 9. c3 b6 10. Be3 Bb7 11. h4 h5 12. Rc1 b5 13. 0-0 a5 14. d4 cxd4 15. Nexd4 Nxd4 16. Nxd4 Ba6 17. Rf2 Rc8 18. b3 e5 19. Nf3 exf4 20. Bxf4 Rxc3 21. Rxc3 Bxc3 22. Qxd6 Qxd6 23. Bxd6 Re8 24. Kh2 Nc8 25. Bb8 Bb7 26. Ng5 f6 27. e5 Bxg2 28. exf6 Bd5 29. f7+ Bxf7 30. Rxf7 Bd2 31. Rb7 Bxg5 32. hxg5 Re2+ 33. Kh3 b4 34. Bc7 Ne7 35. Bxa5 Nf5 36. Rxb4 Rxa2 37. Bc7 Ra7 38. Be5 Re7 39. Rb8+ Kf7 40. Bf4 Re4 41. b4 h4 42. Rb7+ Ke6 43. Rb6+ Kf7 44. Rf6+ Kg7 45. Bd2 hxg3 46. Bc3 Rh4+ 47. Kg2 Rh2+ 48. Kg1 Rc2 49. Rxf5+ Rxc3 50. Rb5 Rb3 51. Rb7+ Kf8 52. Kg2 Ke8 53. Kh3 Kd8 54. Rb6 Kc7 55. Rxg6 Rxb4 56. Kxg3 Kd7 57. Rf6 Ke7 58. Rf3 Ke8 59. Kh3 Ke7 60. Rf6 Ra4 61. Rf2 Rb4 62. Rf6 Ra4 63. Rf5 Rb4 64. g6 Rb6 65. Rg5 Kf8 66. Kg4 Kg7 67. Kh5 Ra6 68. Rb5 Ra1 69. Rb7+ Kg8 70. Rb8+ Kg7 71. Rb7+ Kg8 72. Rb6 Kg7 73. Rb7+ Kg8 74. Rb4 Kg7 75. Rg4 Ra5+ 76. Kh4 Ra6 77. Kh5 Ra5+ 78. Rg5 Rxg5+ 79. Kxg5 Kg8 80. Kf6 Kf8 81. g7+ Kg8 82. Kg6 1/2-1/2